| 000 -LEADER |
| fixed length control field |
00871nam a22002177a 4500 |
| 005 - DATE AND TIME OF LATEST TRANSACTION |
| control field |
20231221130244.0 |
| 008 - FIXED-LENGTH DATA ELEMENTS--GENERAL INFORMATION |
| fixed length control field |
231221s1966 ru ||||| |||| 00| 0 rus d |
| 020 ## - INTERNATIONAL STANDARD BOOK NUMBER |
| International Standard Book Number |
580218189X |
| 041 ## - LANGUAGE CODE |
| Language code of text/sound track or separate title |
rus |
| 080 ## - UNIVERSAL DECIMAL CLASSIFICATION NUMBER |
| Universal Decimal Classification number |
7(38) B-43 |
| 100 ## - MAIN ENTRY--PERSONAL NAME |
| Personal name |
Винкельман, И. И. |
| 9 (RLIN) |
20839 |
| 245 ## - TITLE STATEMENT |
| Title |
Избранные произведения и письма / |
| Statement of responsibility, etc. |
И.И. Винкельман; пер. с нем. А.А. Алявдиной. |
| 264 ## - PRODUCTION, PUBLICATION, DISTRIBUTION, MANUFACTURE, AND COPYRIGHT NOTICE |
| Place of production, publication, distribution, manufacture |
М.-Л. : |
| Name of producer, publisher, distributor, manufacturer |
Ладомир, |
| Date of production, publication, distribution, manufacture, or copyright notice |
1966. |
| 300 ## - PHYSICAL DESCRIPTION |
| Extent |
685 с.: |
| Other physical details |
17 см. |
| 653 ## - INDEX TERM--UNCONTROLLED |
| keyword |
ფერწერა |
| 653 ## - INDEX TERM--UNCONTROLLED |
| keyword |
ქანდაკება |
| 653 ## - INDEX TERM--UNCONTROLLED |
| keyword |
უძველესი ხელოვნების ისტორია |
| 653 ## - INDEX TERM--UNCONTROLLED |
| keyword |
გერმანული ესთეტიკა |
| 700 ## - ADDED ENTRY--PERSONAL NAME |
| Personal name |
Алявдина, А.А. |
| Relator term |
მთარგმნელი |
| 9 (RLIN) |
20840 |
| 942 ## - ADDED ENTRY ELEMENTS (KOHA) |
| Source of classification or shelving scheme |
|
| Koha item type |
წიგნი |